期刊信息 |
| 索取号 |
C5/BCHSH
|
| 题名 |
白城师专学报
|
| 作者 |
白城师专学报编辑部
|
| 分册号 |
|
| 分册名 |
|
| 出版地 |
吉林
|
| 出版者 |
白城师专学报出版社
|
| 标准刊号 |
|
| 出版频率 |
半年刊
|
| 中图法分类 |
C5
|
| 主题词 |
社会科学 丛书; 社会科学 文集; 社会科学 连续出版物
|
| 电子资源 | |
| |
|
| 000 | 00596nas0 2200193 45 | |
| 001 | 0761781452 | |
| 005 | 20070322171255.28 | |
| 100 | @a20070322d km y0chiy0120 ea | |
| 101 | 0 | @achi |
| 200 | 1 | @a白城师专学报@ABai Cheng Shi Zhuan Xue Bao@f白城师专学报编辑部@FBai Cheng Shi Zhuan Xue Bao Bian Ji Bu |
| 210 | @a吉林@c白城师专学报出版社 | |
| 326 | @a半年刊 | |
| 606 | 0 | @a社会科学@x丛书 |
| 606 | 0 | @a社会科学@x文集 |
| 606 | 0 | @a社会科学@x连续出版物 |
| 690 | @aC5@v4 | |
| 711 | 02 | @a白城师专学报编辑部@ABai Cheng Shi Zhuan Xue Bao Bian Ji Bu |
| 801 | 0 | @aCN@bPFT@c20070322 |
| 905 | @aTJWY@dC5@eBCHSH | |
| 白城师专学报/白城师专学报编辑部.-吉林:白城师专学报出版社 |
| ● |
| 相关链接: |
|
|
|
|